Dotazníkový výskum ako jedna z foriem získavania dát bakalárska práca

Guardado en:
Detalles Bibliográficos
Autor principal: Molnárová, Viktória
Autor Corporativo: Fakulta hospodárskej informatiky EU. Katedra štatistiky
Otros Autores: Šipoldová, Romana, 1995-
Formato: Libro
Lenguaje:eslovaco
Publicado: Bratislava 2021
Etiquetas: Agregar Etiqueta
Sin Etiquetas, Sea el primero en etiquetar este registro!

MARC

LEADER 00000nbm a2200000 4500
001 0278274
005 20220316125706.6
041 0 |a slo 
044 |a SK 
245 1 0 |a Dotazníkový výskum ako jedna z foriem získavania dát  |b bakalárska práca  |c Viktória Molnárová ; školiteľ: Romana Šipoldová 
264 1 |a Bratislava  |c 2021 
300 |a 52 s. 
100 1 |a Molnárová, Viktória 
700 1 |a Šipoldová, Romana, 1995- 
710 2 |a Fakulta hospodárskej informatiky EU. Katedra štatistiky